000 00664cam a22002293a 4500
001 39970
003 PGUSA
005 20140828083906.0
008 120611s2012||||xxu|||||s|||||000 | eng d
040 _aPGUSA
_beng
042 _adc
100 1 _aGallizier, Nathan,
_d1866-1927
245 1 4 _aThe Hill of Venus
_h[electronic resource] /
_cNathan Gallizier
260 _bProject Gutenberg,
_c2012
506 _aPublic domain in the USA.
516 _aElectronic text
700 1 _aVerburg, P.
700 1 _aGarrett, Edmund H.
_q(Edmund Henry),
_d1853-1929
830 0 _aProject Gutenberg
_v39970
856 4 0 _uhttp://www.gutenberg.org/ebooks/39970
942 _cEB
999 _c269223
_d269223